00546cam a22002057a 4500003000500000005001700005008004100022010001000063011001000073035001000083040000900093100002100102245005400123260007900177300001900256490001400275650001100289650002600300830001400326CHAP20220817043149.0971013s1979 r 00010 d a67203 a68175 a77647 cCHAP00aBrewer, James E.14aThe flowering Crabappleb: a tree for all seasons a[s.l.] :bCooperative Extensión Service of the Northeast States,c[1979] a38 p.b: ilus. 0aNEv; 22314aMalus.14aPlantas ornamentales.0 aNEv; 223